Seismic Base Isolation/Investigation of the Effect of Seismic Base Isolation on a Typical Reinforced Concrete Structure (Record no. 8434)
[ view plain ]
| 000 -LEADER | |
|---|---|
| fixed length control field | 01515cam a22001934a 4500 |
| 005 - ΗΜΕΡΟΜΗΝΙΑ ΚΑΙ ΩΡΑ ΤΕΛΕΥΤΑΙΑΣ ΕΝΗΜΕΡΩΣΗΣ | |
| Πεδίο ελέγχου | 20250605164335.0 |
| 008 - FIXED-LENGTH DATA ELEMENTS--GENERAL INFORMATION | |
| Πεδίο ελέγχου σταθερού μήκους | 250528s ||||||||||||||||||||||||d |
| 035 ## - SYSTEM CONTROL NUMBER | |
| System control number | 23414 |
| 040 ## - ΠΗΓΗ ΚΑΤΑΛΟΓΟΓΡΑΦΗΣΗΣ | |
| Φορέας πρωτότυπης καταλογογράφησης | MC Athens Campus Library |
| Γλώσσα καταλογογράφησης | Ελληνικά, Μοντέρνα (1453-) |
| Modifying agency | MC Athens Campus Library |
| Κανόνες περιγραφικής καταλογογράφησης | AACR2 |
| 245 1# - ΤΙΤΛΟΣ ΚΑΙ ΔΗΛΩΣΗ ΥΠΕΥΘΥΝΟΤΗΤΑΣ | |
| Τίτλος | Seismic Base Isolation/Investigation of the Effect of Seismic Base Isolation on a Typical Reinforced Concrete Structure |
| 260 ## - PUBLICATION, DISTRIBUTION, ETC. | |
| Date of publication, distribution, etc. | 2016 |
| 300 ## - PHYSICAL DESCRIPTION | |
| Extent | 156 |
| 520 ## - SUMMARY, ETC. | |
| Summary, etc. | Abstract, Summary Report, Literature Review, Structural Dynamic Response, Theory of Seismic Base Isolation, Energy Absorption and Linear Theory of Seismic Base Isolation, Requirements for the Use of Seismic Base Isolation and the Affecting Factors, History of Seismic Base Isolation, Use of Seismic Base Isolation, Elastomeric Seismic Base Isolation, Sliding-Friction Seismic Base Isolation, Analysis and Design of the Fixed Base Reinforced Concrete Structure, Case Analysis and Assumptions and Applied Loads, Effective Depths, Applied Loads, Earthquake and Base Shear, Analysis of the Fixed Base Structure, Reinforcement of Beams, Anchorage Length and Mandrel Diameter, Reinforcement of Columns, Lap and Anchorage Length, Analysis and Design of the Seismically Base Isolated Reinforced Concrete Structure, Earthquake and Base Shears, Reinforcement of Beams, Reinforcement of Columns, Conclusion, Bill of Quantity and Cost Comparison, References and Bibliography, Appendices. |
| 700 1# - ΠΡΟΣΘΕΤΗ ΑΝΑΓΡΑΦΗ--ΦΥΣΙΚΟ ΠΡΟΣΩΠΟ | |
| Personal name | Kardala Maria |
| 9 (RLIN) | 8981 |
| 700 1# - ΠΡΟΣΘΕΤΗ ΑΝΑΓΡΑΦΗ--ΦΥΣΙΚΟ ΠΡΟΣΩΠΟ | |
| Personal name | Lykakos Petros |
| 9 (RLIN) | 8983 |
| 942 ## - ADDED ENTRY ELEMENTS (KOHA) | |
| Koha item type | Διπλωματική εργασία |
| Τύπος τεκμηρίου | Βιβλιοθήκη | Τρέχουσα τοποθεσία | Barcode | Ημερομηνία απόκτησης | Ταξιθετικό σύμβολο | Αριθμός αντιτύπου | Κατάσταση απόσυρσης | Κατάσταση χαμένου | Κατάσταση κατεστραμμένου | Μη δανεισμός | Σύνολο δανεισμών | Ημερομηνία τελευταίας εμφάνισης | Η τιμή ισχύει από |
|---|---|---|---|---|---|---|---|---|---|---|---|---|---|
| Διπλωματική εργασία | MC Athens Campus Library | MC Athens Campus Library | 9780000084330 | 05/06/2025 | ENG 2016 (51) | 1 | 05/06/2025 | 05/06/2025 |